Абай: (Record no. 393519)
[ view plain ]
| 000 -LEADER | |
|---|---|
| fixed length control field | 00726nam a22001817a 4500 |
| 003 - CONTROL NUMBER IDENTIFIER | |
| control field | AM-YeHGA |
| 005 - DATE AND TIME OF LATEST TRANSACTION | |
| control field | 20250617153536.0 |
| 008 - FIXED-LENGTH DATA ELEMENTS--GENERAL INFORMATION | |
| fixed length control field | 171018b1945 rus||||| |||| 00| 0 rus d |
| 040 ## - CATALOGING SOURCE | |
| Original cataloging agency | AM-YeHGA |
| 090 ## - LOCALLY ASSIGNED LC-TYPE CALL NUMBER (OCLC); LOCAL CALL NUMBER (RLIN) | |
| -- | 395546 |
| 100 1# - MAIN ENTRY--PERSONAL NAME | |
| Personal name | Сильченко, М.С. |
| 245 10 - TITLE STATEMENT | |
| Title | Абай: |
| Remainder of title | Очерки жизни и творчества/ |
| Statement of responsibility, etc. | М.С. Сильченко; Казахский филиал АН СССР институт языка и литературы: |
| 260 ## - PUBLICATION, DISTRIBUTION, ETC. | |
| Place of publication, distribution, etc. | Алма-Ата: |
| Name of publisher, distributor, etc. | КазОГИЗ, |
| Date of publication, distribution, etc. | 1945: |
| 300 ## - PHYSICAL DESCRIPTION | |
| Extent | 113 с. |
| Other physical details | ил. |
| 600 14 - SUBJECT ADDED ENTRY--PERSONAL NAME | |
| Personal name | Абай |
| 710 2# - ADDED ENTRY--CORPORATE NAME | |
| Corporate name or jurisdiction name as entry element | Казахский филиал Академии Наук СССР институт языка и литературы |
| 942 ## - ADDED ENTRY ELEMENTS (KOHA) | |
| Source of classification or shelving scheme | Universal Decimal Classification |
| Koha item type | Գրքեր / Books |
| Withdrawn status | Lost status | Source of classification or shelving scheme | Damaged status | Not for loan | Collection | Home library | Current library | Date acquired | Total checkouts | Full call number | Barcode | Date last seen | Price effective from | Koha item type | Public note |
|---|---|---|---|---|---|---|---|---|---|---|---|---|---|---|---|
| Universal Decimal Classification | General | Fundamental Scientific Library | Fundamental Scientific Library | 18/10/2017 | РД I/5235 | FL0461376 | 18/10/2017 | 18/10/2017 | Գրքեր / Books | 30 Days Loan |
ՀՀ Գիտությունների ազգային ակադեմիայի հիմնարար գիտական գրադարան = Fundamental Scientific Library of NAS RA
All site content, except where otherwise noted, is licensed under a